Инструкция по организации системы централизованного обеспечения объектов строительства Главкиевгорстроя товарным бетоном и раствором. Ч. 1 (Запись № 6688175)

Подробности
000 -МАРКЕР
контрольное поле 01333nam2a22002291 4500
001 - ИДЕНТИФИКАТОР ЗАПИСИ
контрольное поле rc\942104
005 - ИДЕНТИФИКАТОР ВЕРСИИ
контрольное поле 20250622103626.0
035 ## - ДРУГИЕ СИСТЕМНЫЕ НОМЕРА
Идентификатор записи (NLR Aleph) 006243572
100 ## - ДАННЫЕ ОБЩЕЙ ОБРАБОТКИ
Данные общей обработки 20041129d1982 |||y0rusy50 ca
101 0# - ЯЗЫК РЕСУРСА
Язык текста, звукозаписи и т.д. русский
102 ## - СТРАНА ПУБЛИКАЦИИ ИЛИ ПРОИЗВОДСТВА
Страна публикации Российская Федерация
105 ## - ПОЛЕ КОДИРОВАННЫХ ДАННЫХ: ТЕКСТОВЫЕ МАТЕРИАЛЫ, МОНОГРАФИЧЕСКИЕ
Кодированные данные о монографическом текстовом документе y |||||||||
200 0# - ЗАГЛАВИЕ И СВЕДЕНИЯ ОБ ОТВЕТСТВЕННОСТИ
Основное заглавие Ч. 1
210 ## - ПУБЛИКАЦИЯ, РАСПРОСТРАНЕНИЕ И ДР.
Дата издания, распространения и т.д. 1982
Место издания, распространения и т.д. Б. м.
215 ## - ФИЗИЧЕСКАЯ ХАРАКТЕРИСТИКА
Специфическое обозначение материала и объем 60 с.
461 #0 - УРОВЕНЬ НАБОРА
Встроенное поле 001rc\942103
-- 2001#$aИнструкция по организации системы централизованного обеспечения объектов строительства Главкиевгорстроя товарным бетоном и раствором$eВСН 4-81 / ГлавКиевгорстрой$e[Взамен ВСН 4-80$eСрок введ. в действие 01.01.81]$vЧ. 1
Системный номер (АБИС) связанной записи 6688168
Место публикации Киев
Дата публикации 1982
Имя издателя, распространителя и т.д. НИИСП
Сведения, относящиеся к заглавию ВСН 4-81 / ГлавКиевгорстрой : [Взамен ВСН 4-80 : Срок введ. в действие 01.01.81]
Заглавие Инструкция по организации системы централизованного обеспечения объектов строительства Главкиевгорстроя товарным бетоном и раствором
Номер тома Ч. 1
801 #0 - ИСТОЧНИК ЗАПИСИ
Страна Российская Федерация
Организация NLR
Правила каталогизации psbo
801 #1 - ИСТОЧНИК ЗАПИСИ
Страна Российская Федерация
Организация ELAR
Источник данных rusmarc
852 ## - МЕСТОНАХОЖДЕНИЕ И ШИФР ХРАНЕНИЯ
Идентификатор организации NLR
Наименование фонда или коллекции (Sub-Location Identifier) Пт
Шифр хранения (Call Number) 80/557
942 ## - ДОПОЛНИТЕЛЬНЫЕ ЭЛЕМЕНТЫ ЗАПИСИ (АБИС)
Тип экземпляра АБИС Книга
980 ## - КОЛЛЕКЦИЯ
Название коллекции Национальная библиография
Экземпляры
Тип экземпляра Дата поступления Библиотека постоянного хранения Библиотека текущего хранения Место хранения Шифр хранения Штрих-код Статус экземпляра
Книга 26.10.2013 РНБ (Московский) РНБ (Московский) Фонд нормативно-технических и технических документов Пт 80/557 6243572-10